[Event "10th Battle of Senta 1697 Open"]
[Site "Senta SCG"]
[Date "2006.07.27"]
[Round "8"]
[White "Balog,I1"]
[Black "Ostojic,N"]
[Result "1/2-1/2"]
[WhiteElo "2265"]
[BlackElo "2416"]

1.d4 d5 2.c4 Nc6 3.cxd5 Qxd5 4.Nf3 e5 5.Nc3 Bb4 6.a3 Bxc3+ 7.bxc3 Bg4 8.Nxe5 Nxe5
9.dxe5 Qxe5 10.Qd4 Qxd4 11.cxd4 O-O-O 12.f3 Bd7 13.e4 f5 14.Bd3 fxe4 15.fxe4 Be8
16.O-O Bg6 17.Bg5 Nf6 18.d5 Rdf8 19.Bxf6 Rxf6 20.Rxf6 gxf6 21.Kf2 Kd7 22.Ke3 Kd6
23.Kd4 c5+ 24.dxc6 bxc6 25.Rb1 Re8 26.Rb7 c5+ 27.Kc4 Bxe4 28.Rxa7 Bd5+ 29.Kc3 Bxg2
30.Rxh7 Ra8 31.Kb2 Rb8+ 32.Kc3 Ra8 33.Kb2 Rb8+ 34.Kc3 Ra8 35.Kb2  1/2-1/2

[Event "MTO Open"]
[Site "Biel SUI"]
[Date "2006.07.30"]
[Round "6"]
[White "Raetsky,A"]
[Black "Schuette,Mar"]
[Result "1-0"]
[WhiteElo "2412"]
[BlackElo "2194"]

1.d4 d5 2.c4 Nc6 3.Nf3 Bg4 4.Nc3 Bxf3 5.exf3 Nf6 6.Bg5 dxc4 7.d5 Nb8 8.Bxc4 Nbd7
9.Qe2 a6 10.O-O-O h6 11.Bh4 Nb6 12.Bb3 Qd7 13.a4 a5 14.Bxf6 gxf6 15.Nb5 Kd8
16.Kb1 h5 17.Rd3 Bh6 18.g3 Ra6 19.f4 h4 20.Rc1 Na8 21.Rdc3 Rb6 22.Ka2 Rxb5
23.axb5 Bg7 24.b6 a4 25.Bxa4 Qxd5+ 26.b3 f5 27.bxc7+ Kc8 28.Rd3  1-0

[Event "15th Open A"]
[Site "Vienna AUT"]
[Date "2006.07.30"]
[Round "2"]
[White "Kilgus,G"]
[Black "Adloff,R"]
[Result "1-0"]
[WhiteElo "2360"]
[BlackElo "1997"]

1.d4 d5 2.c4 Nc6 3.Nc3 dxc4 4.d5 Ne5 5.Qd4 Ng6 6.Qxc4 a6 7.h4 e6 8.h5 Ne5
9.Qe4 Bd6 10.dxe6 Bxe6 11.Qxb7 Ne7 12.Qe4 O-O 13.Nf3 Ng4 14.Nd4 Bc5 15.e3 Bxd4
16.Qxd4 Qxd4 17.exd4 Rfd8 18.f3 Nf6 19.Be3 Nf5 20.Bf2 Nxd4 21.O-O-O c5 22.h6 Nd5
23.Nxd5 Bxd5 24.b3 Rac8 25.Kb2 Bb7 26.hxg7 Kxg7 27.Bd3 h6 28.Be3 Rd6 29.Bf4 Re6
30.Rh5 Rce8 31.Rxc5 Ne2 32.Bh2 Rd8 33.Be5+ f6 34.Bxe2  1-0

[Event "Dutch Open"]
[Site "Dieren NED"]
[Date "2006.07.31"]
[Round "6"]
[White "Struik,T"]
[Black "Van Opheusden,B"]
[Result "1/2-1/2"]
[WhiteElo "2244"]
[BlackElo "2155"]

1.d4 d5 2.c4 Nc6 3.Nc3 dxc4 4.Nf3 Nf6 5.e3 Bg4 6.Bxc4 e6 7.h3 Bh5 8.a3 Bd6
9.b4 O-O 10.Bb2 e5 11.d5 Ne7 12.g4 Bg6 13.Nd2 c6 14.dxc6 Nxc6 15.h4 h6 16.g5 hxg5
17.hxg5 Nh7 18.Nde4 Be7 19.Qg4 Qc8 20.Qh4 Nd4 21.exd4 Qxc4 22.Rd1 Rfd8 23.d5 Rac8
24.d6 Bxg5 25.Nxg5 Qxh4 26.Rxh4 Nxg5 27.Ke2 Rc6 28.Nd5 Rc2+ 29.Ke3 f6 30.Ne7+ Kf7
31.Ba1 Ra2 32.Nxg6 Rxa3+ 33.Ke2 Kxg6 34.Rc4 Ra6 35.d7 Kf7 36.Rc7 Rb6 37.Rc8 Ke7
38.f4 Rxd7 39.fxg5 Rxd1 40.Kxd1 fxg5 41.Bxe5 Rxb4 42.Rc7+ Ke6 43.Bc3 Rb5
44.Rxg7 Kf5 45.Bd2 Kg4 46.Bxg5 Rxg5  1/2-1/2

[Event "15th Open A"]
[Site "Vienna AUT"]
[Date "2006.08.03"]
[Round "6"]
[White "Rogetzer,K"]
[Black "Adloff,R"]
[Result "1/2-1/2"]
[WhiteElo "2126"]
[BlackElo "1997"]

1.d4 d5 2.c4 Nc6 3.Nc3 dxc4 4.Nf3 Nf6 5.Bg5 Bg4 6.d5 Bxf3 7.gxf3 Ne5 8.Qd4 Qd6
9.f4 Ned7 10.O-O-O Qb6 11.e4 h6 12.Bh4 g5 13.fxg5 hxg5 14.Bxg5 Bh6 15.Bxh6 Rxh6
16.e5 Qxd4 17.Rxd4 Nxe5 18.Bxc4  1/2-1/2

[Event "15th Open A"]
[Site "Vienna AUT"]
[Date "2006.08.03"]
[Round "6"]
[White "Lovrinovic,C"]
[Black "Sadilek,P"]
[Result "1-0"]
[WhiteElo "2191"]
[BlackElo "2069"]

1.d4 d5 2.c4 Nc6 3.cxd5 Qxd5 4.Nf3 e5 5.Nc3 Bb4 6.Bd2 Bxc3 7.Bxc3 e4 8.Ne5 Nxe5
9.dxe5 Ne7 10.Qxd5 Nxd5 11.g3 Nxc3 12.bxc3 O-O 13.Bg2 Bf5 14.g4 Bg6 15.h4 h6
16.h5 Bh7 17.f4 exf3 18.exf3 Rae8 19.f4 f6 20.Bxb7 fxe5 21.Bd5+ Kh8 22.f5 Bg8
23.O-O-O Re7 24.Rhe1 Rd8 25.Be4 Rd6 26.Re2 Bc4 27.Rb2 Rxd1+ 28.Kxd1 Kg8 29.Rb4 Bxa2
30.Kc2 c5 31.Rb8+ Kf7 32.Rc8 Bc4 33.Kd2 Kf6 34.Rxc5 Bf7 35.Ke3 Kg5 36.Kf3 Be8
37.Bc2 Bf7 38.Bd1 Be8 39.Ke4 Kf6 40.c4 Bf7 41.Rc6+ Kg5 42.c5 Rd7 43.Rd6 Rxd6
44.cxd6 Be8 45.Kxe5 a5 46.Ke6 a4 47.Ke7 Bb5 48.Kf7 a3 49.Bb3 Kxg4 50.Be6 Bd7
51.Bxd7 a2 52.f6+ Kxh5 53.fxg7 a1=Q 54.g8=Q Qf1+ 55.Ke8 Qe2+ 56.Qe6  1-0

[Event "15th Open A"]
[Site "Vienna AUT"]
[Date "2006.08.06"]
[Round "9"]
[White "Wilke,W"]
[Black "Brandner,S"]
[Result "1-0"]
[WhiteElo "2212"]
[BlackElo "2341"]

1.d4 d5 2.c4 Nc6 3.Nc3 e5 4.cxd5 Nxd4 5.Nf3 Nxf3+ 6.exf3 Nf6 7.Bb5+ Nd7 8.O-O Bd6
9.Ne4 O-O 10.Nxd6 cxd6 11.Be3 f5 12.f4 Qh4 13.Qd2 Nf6 14.g3 Qh3 15.Rfe1 b6
16.Bc6 Rb8 17.fxe5 dxe5 18.f4 Ng4 19.d6 Bb7 20.Bxb7 Rxb7 21.fxe5 Rd7 22.Bf4 g5
23.Bxg5 f4 24.Qg2 Qxg2+ 25.Kxg2 f3+ 26.Kh3 h5 27.Be7 Rc8 28.Rac1 Rxc1 29.Rxc1 Nxe5
30.Rc8+ Kf7 31.Rf8+ Ke6 32.Rf6+ Kd5 33.Rf5 Ke4 34.Rxh5 Ng6 35.Rh7 Kd3 36.Rf7 Ke2
37.g4 Ne5 38.Rf5 Nc4 39.Kg3  1-0

[Event "FSGM August"]
[Site "Budapest HUN"]
[Date "2006.08.08"]
[Round "4"]
[White "Braun,A"]
[Black "Rodshtein,M"]
[Result "1-0"]
[WhiteElo "2526"]
[BlackElo "2494"]

1.d4 d5 2.c4 Nc6 3.Nf3 Bg4 4.Qa4 dxc4 5.e3 Bxf3 6.gxf3 e5 7.dxe5 Qd5 8.Nc3 Qxf3
9.Rg1 Qh5 10.Bg2 Ne7 11.f4 O-O-O 12.Qxc4 g5 13.Qe2 Qh4+ 14.Qf2 Qh6 15.Bd2 Nb4
16.Be4 gxf4 17.exf4 Nec6 18.Rg3 Qe6 19.a3 f5 20.Bb1 Na6 21.Be3 Be7 22.Rh3 Qg6
23.Ba2 Nc5 24.Kf1 Nd3 25.Qe2 Bc5 26.Rg3 Qh6 27.Nd5 Bxe3 28.Qxe3 Qxh2 29.Qxd3 Rhg8
30.Rxg8 Rxg8 31.Ne7+ Nxe7 32.Be6+ Kb8 33.Bxg8 Qh1+ 34.Kf2 Qh2+ 35.Kf3 Qh3+
36.Ke2 Qg2+ 37.Kd1 Qxg8 38.Kc2 Nd5 39.Rd1 c6 40.Kb1 b6 41.Re1 Qe6 42.Rg1 Nxf4
43.Qd8+ Kb7 44.Rg7+ Ka6 45.Qd4  1-0

[Event "FSIMB August"]
[Site "Budapest HUN"]
[Date "2006.08.08"]
[Round "4"]
[White "Malada,V"]
[Black "Radnai,A"]
[Result "1/2-1/2"]
[WhiteElo "2256"]
[BlackElo "2246"]

1.d4 d5 2.c4 Nc6 3.Nf3 Bg4 4.Nc3 e6 5.Bg5 f6 6.cxd5 exd5 7.Bf4 Bb4 8.e3 Nge7
9.h3 Bf5 10.Rc1 Qd7 11.a3 Ba5 12.b4 Bb6 13.Na4 Rc8 14.Be2 Kf7 15.Nd2 Nd8
16.g4 Bg6 17.Bg3 c6 18.f4 Bc7 19.Nc5 Qe8 20.Bf2 Kf8 21.f5 Bf7 22.Bd3 b6 23.Ncb3 Nb7
24.Ba6 Rb8 25.Qf3 Qd7 26.Bg3 Nd6 27.Bd3 Re8 28.Kf2 Ne4+ 29.Bxe4 dxe4 30.Qg2 g6  1/2-1/2

[Event "17th Jozef Kochan Mem"]
[Site "Koszalin POL"]
[Date "2006.08.08"]
[Round "5"]
[White "Kanarek,M"]
[Black "Quinn,R"]
[Result "1-0"]
[WhiteElo "2190"]
[BlackElo "1979"]

1.d4 d5 2.c4 Nc6 3.Nc3 Nf6 4.Nf3 dxc4 5.e4 Bg4 6.Be3 e6 7.Bxc4 Bb4 8.Qc2 O-O
9.Rd1 Bxf3 10.gxf3 Nh5 11.a3 Ba5 12.Rg1 Bb6 13.Rg5 Nf6 14.e5 Nd5 15.Ne4 h6
16.Bxd5 hxg5 17.Nxg5 g6 18.Bxe6 Qe7 19.Qxg6+  1-0

[Event "93rd ch-GBR"]
[Site "Swansea WLS"]
[Date "2006.08.12"]
[Round "6"]
[White "Dilleigh,S"]
[Black "Sherwin,J"]
[Result "1/2-1/2"]
[WhiteElo "2134"]
[BlackElo "2291"]

1.d4 d5 2.c4 Nc6 3.cxd5 Qxd5 4.e3 e5 5.Nc3 Bb4 6.Bd2 Bxc3 7.Bxc3 exd4 8.Ne2 Nf6
9.Nxd4 O-O 10.Be2 Qxg2 11.Bf3 Qg5 12.Nxc6 bxc6 13.Qd4 Bf5 14.h4 Qh6 15.O-O-O Rae8
16.Bb4 Be4 17.Bxf8  1/2-1/2

[Event "107th Annual US Open"]
[Site "Chicago USA"]
[Date "2006.08.13"]
[Round "9"]
[White "Tsyganov,I"]
[Black "Selzler,R"]
[Result "1/2-1/2"]
[WhiteElo "2266"]
[BlackElo "2049"]

1.d4 d5 2.c4 Nc6 3.cxd5 Qxd5 4.e3 e5 5.Nc3 Bb4 6.Bd2 Bxc3 7.bxc3 Nf6 8.Qb3 Qd6
9.Bc1 exd4 10.cxd4 a5 11.Ba3 Nb4 12.Bc4 O-O 13.Nf3 c6 14.Ne5 Nfd5 15.O-O Be6
16.Nd3 b5 17.Bxd5 Bxd5 18.Bxb4 axb4 19.Qxb4 Qh6 20.a4 Bxg2 21.Kxg2 Qg6+ 22.Kf3  1/2-1/2

[Event "Acropolis Open"]
[Site "Athens GRE"]
[Date "2006.08.17"]
[Round "5"]
[White "Georgiev,Vl"]
[Black "Botsari,A"]
[Result "1-0"]
[WhiteElo "2518"]
[BlackElo "2372"]

1.d4 d5 2.c4 Nc6 3.Nf3 Bg4 4.Nc3 e6 5.cxd5 exd5 6.Bf4 Bd6 7.Bxd6 Qxd6 8.e3 Nf6
9.Be2 O-O 10.Qb3 Rfe8 11.Rc1 Rab8 12.O-O Ne4 13.Rfe1 Nxc3 14.Qxc3 Re7 15.Ne5 Nxe5
16.dxe5 Qd7 17.Bxg4 Qxg4 18.f4 Qd7 19.Red1 Rd8 20.Qd4 a6 21.e4 c6 22.exd5 cxd5
23.Rc5 Qg4 24.h3 Qg3 25.Rc3 Qh4 26.Kh2 Red7 27.Rg3 Rc8 28.Rxg7+ Kxg7 29.e6+ Kg8
30.exd7 Rd8 31.Qe5  1-0

[Event "XXVI Open A"]
[Site "Bratto ITA"]
[Date "2006.08.19"]
[Round "1"]
[White "Epishin,V"]
[Black "Rosin,F"]
[Result "1-0"]
[WhiteElo "2555"]
[BlackElo "2135"]

1.d4 d5 2.c4 Nc6 3.Nf3 Bg4 4.Nc3 e6 5.cxd5 Bxf3 6.gxf3 exd5 7.Bf4 Bd6 8.Bg3 Nge7
9.e3 O-O 10.Qc2 Rc8 11.a3 a6 12.Bd3 h6 13.Na4 Qd7 14.O-O-O b5 15.Bxd6 Qxd6
16.Nc5 Na5 17.Qc3 Nc4 18.b3 Nb6 19.Kb2 Ra8 20.e4 Rfb8 21.e5 Qc6 22.Rhg1 a5
23.e6 b4 24.Qc1 bxa3+ 25.Ka1 Kf8 26.Qf4 f6 27.Rxg7  1-0

[Event "Lichtenberger Sommer"]
[Site "Berlin GER"]
[Date "2006.08.21"]
[Round "3"]
[White "Kalinitschew,S"]
[Black "Marxen,P"]
[Result "1-0"]
[WhiteElo "2499"]
[BlackElo "2176"]

1.d4 d5 2.c4 Nc6 3.Nc3 Nf6 4.Nf3 dxc4 5.e4 Bg4 6.Be3 e6 7.Qa4 Bxf3 8.gxf3 Bb4
9.Bxc4 O-O 10.Rd1 a6 11.Qc2 Nh5 12.a3 Bxc3+ 13.Qxc3 Qf6 14.Rg1 e5 15.d5 Nd4
16.Rxd4 exd4 17.Bxd4 Qh6 18.Be3 Qf6 19.e5 Qe7 20.f4 Rfe8 21.Be2 Qh4  1-0

[Event "3rd Dato Arthur Tan"]
[Site "Kuala Lumpur MAS"]
[Date "2006.08.26"]
[Round "9"]
[White "Dotsenko,Vi"]
[Black "Liew Chee Meng Jimmy"]
[Result "0-1"]
[WhiteElo "2103"]
[BlackElo "2320"]

1.d4 d5 2.c4 Nc6 3.cxd5 Qxd5 4.e3 e5 5.Nc3 Bb4 6.Bd2 Bxc3 7.bxc3 exd4 8.cxd4 Nf6
9.Ne2 Ne4 10.Nf4 Qd6 11.Bd3 Nxd2 12.Qxd2 O-O 13.Rb1 b6 14.O-O Bb7 15.Rfc1 g6
16.Qc3 Rac8 17.Be4 Na5 18.Bxb7 Nxb7 19.Qc6 Qxc6 20.Rxc6 Rfd8 21.Rbc1 Rd7
22.Nd3 Kf8 23.g3 Ke8 24.Kg2 Na5 25.R6c3 c6 26.Ne5 Rd6 27.Nd3 Kd7 28.Ne5+ Ke7
29.h4 f6 30.Nd3 Kd7 31.Kf3 Kc7 32.Rh1 Rd5 33.g4 Kb7 34.Nf4 Rb5 35.g5 fxg5
36.hxg5 Rc7 37.Rg1 Rb2 38.a3 Ra2 39.Rh1 Rf7 40.Kg3 b5 41.Ne6 Kb6 42.f4 Nc4
43.Rb1 Rxa3 44.Rbc1 Re7 45.Nf8 Rxc3 46.Rxc3 Nxe3  0-1

[Event "TCh-Serbia"]
[Site "Zlatibor SCG"]
[Date "2006.08.29"]
[Round "4"]
[White "Moiseenko,A1"]
[Black "Miladinovic,I"]
[Result "1/2-1/2"]
[WhiteElo "2649"]
[BlackElo "2584"]

1.d4 d5 2.c4 Nc6 3.Nf3 Bg4 4.Nc3 e6 5.Bg5 Be7 6.cxd5 exd5 7.Bxe7 Ngxe7 8.e3 Qd6
9.Be2 O-O 10.O-O Bxf3 11.Bxf3 Nd8 12.b4 a6 13.Qb3 c6 14.a4 Ne6 15.g3 g6 16.Bg2 Kg7
17.b5 axb5 18.axb5 h5 19.Ra4 Rxa4 20.Qxa4 Nc7 21.bxc6 bxc6 22.Rb1 Ra8 23.Qb4 Qxb4
24.Rxb4 Ra3 25.Nb1 Ra7 26.Bf1 Ne8 27.Rb2 Nd6 28.Nd2 f6 29.Bd3 Kf7 30.Kf1 Kg7
31.Ke2 Kf7 32.h4 Ra8 33.Rc2 Ra3 34.Rb2 Ra8 35.Rc2 Ra3  1/2-1/2

[Event "VIII Open"]
[Site "Sants ESP"]
[Date "2006.08.30"]
[Round "6"]
[White "Genutis,M"]
[Black "Lapshun,Y"]
[Result "0-1"]
[WhiteElo "2259"]
[BlackElo "2452"]

1.d4 d5 2.c4 Nc6 3.Nf3 Bg4 4.Nc3 Bxf3 5.gxf3 Nf6 6.cxd5 Nxd5 7.e4 Nb6 8.d5 Nb8
9.a4 e5 10.a5 N6d7 11.Qa4 Bc5 12.Rg1 O-O 13.Rg2 Kh8 14.Bd3 c6 15.Bg5 Qe8
16.Kf1 Bd4 17.Rd1 Nc5 18.Qa3 Nxd3 19.Rxd3 c5 20.Qa4 Qxa4 21.Nxa4 c4 22.Rd2 b5
23.Nc3 Bxc3 24.bxc3 f6 25.Be3 g6 26.Ke2 a6 27.Kd1 Nd7 28.Kc2 Rg8 29.h4 h6
30.Kb2 Rg7 31.h5 Kg8 32.Ka3 Kf8 33.Kb4 Rc8 34.Rg1 Kf7 35.Rdd1 Rgg8 36.Rg2 Ke7
37.Rdg1 Rgf8 38.Re1 Kd6 39.Rgg1 Rf7 40.Re2 Nc5 41.Bxc5+ Rxc5 42.f4 exf4 43.e5+ fxe5
44.Rxe5 Rxd5 45.Re8 Re7 46.Ra8 Re2 47.Rxa6+ Kc7 48.Ka3 Rdd2 49.Kb4 Re5 50.Ka3 Rc2  0-1

[Event "5th Open"]
[Site "Istanbul TUR"]
[Date "2006.09.01"]
[Round "3"]
[White "Kukov,V"]
[Black "Karpatchev,A"]
[Result "0-1"]
[WhiteElo "2258"]
[BlackElo "2533"]

1.d4 d5 2.c4 Nc6 3.Bf4 e5 4.dxe5 d4 5.Nf3 Nge7 6.a3 Ng6 7.Bg3 a5 8.e3 dxe3
9.Qxd8+ Nxd8 10.fxe3 Bc5 11.Kf2 Ne6 12.Nc3 O-O 13.Rd1 f5 14.exf6 gxf6 15.Na4 Ba7
16.c5 f5 17.Bc4 f4 18.exf4 b5 19.cxb6 cxb6 20.Kf1 b5 21.Bxb5 Nexf4 22.Bc4+ Kg7
23.Bf2 Bg4 24.Nc5 Nxg2 25.Bd4+ Kh6 26.Kxg2 Bxf3+ 27.Kh3 Kh5 28.Rhe1 Rf4 29.Be2 Bxe2
30.Rxe2 Rg8 31.Ne6 Bxd4 32.Nxd4 Rg4 33.Ne6 Rh4+ 34.Kg3 Nf4+ 35.Kf3 Nxe2 36.Rd5+ Kh6
37.Kxe2 Re4+ 38.Kd3 Rxe6 39.Rxa5 Rg2 40.b4 Rxh2 41.Ra8 Kg7 42.b5 h5 43.Kd4  0-1

[Event "TCh-Serbia w"]
[Site "Zlatibor SCG"]
[Date "2006.09.01"]
[Round "7"]
[White "Aleksov,A"]
[Black "Vojinovic,J"]
[Result "1/2-1/2"]
[WhiteElo "2014"]
[BlackElo "2132"]

1.d4 d5 2.c4 Nc6 3.Nf3 Bg4 4.e3 e6 5.cxd5 exd5 6.Bb5 Bb4+ 7.Bd2 Bxd2+ 8.Nbxd2 Ne7
9.O-O O-O 10.h3 Bf5 11.Nb3 Qd6 12.Bd3 Bxd3 13.Qxd3 f5 14.Qb5 a6 15.Qe2 Ng6
16.Nc5 Rab8 17.g3 a5 18.Nd3 Rf6 19.Qc2 Rbf8 20.a3  1/2-1/2

[Event "Open A"]
[Site "Trieste ITA"]
[Date "2006.09.02"]
[Round "1"]
[White "Rombaldoni,D"]
[Black "Fantini,M"]
[Result "0-1"]
[WhiteElo "2348"]
[BlackElo "2053"]

1.d4 d5 2.c4 Nc6 3.Nf3 e5 4.dxe5 d4 5.h3 Be6 6.b3 Qd7 7.Ba3 O-O-O 8.Bxf8 Rxf8
9.g3 Nge7 10.Nbd2 Ng6 11.Bg2 Ngxe5 12.Nxe5 Nxe5 13.Ne4 Nc6 14.Nc5 Qe7 15.b4 Qd6
16.Rc1 b6 17.Qa4 bxc5 18.Bxc6 Kd8 19.Qb5 cxb4 20.c5 Qe5 21.Qxb4 Ke7 22.Bb7 Rb8
23.c6+ Qd6 24.Qa5 Rhd8 25.Qxa7 Qb4+ 26.Kf1 Bd5 27.f3 Bc4 28.Ba6 Bxa6 29.Qxa6 d3
30.exd3 Qd2 31.Qa3+ Rd6 32.Re1+ Kf6 33.Qc5 Rb2 34.Qe5+ Kg6 35.Qe4+ f5 36.Qe8+ Kh6
37.Rh2 Qxh2 38.Re6+ Rxe6 39.Qxe6+ g6 40.Qe3+ Kh5 41.g4+ Kh4 42.Qe7+ Kxh3
43.Qxh7+ Kg3 44.Qxc7+ f4  0-1

[Event "5th Open"]
[Site "Istanbul TUR"]
[Date "2006.09.05"]
[Round "7"]
[White "Kalashian,D"]
[Black "Karpatchev,A"]
[Result "1/2-1/2"]
[WhiteElo "2411"]
[BlackElo "2533"]

1.d4 d5 2.c4 Nc6 3.cxd5 Qxd5 4.e3 e5 5.Nc3 Bb4 6.Bd2 Bxc3 7.Bxc3 exd4 8.Ne2 Nf6
9.Nxd4 O-O 10.Rc1 Nxd4 11.Qxd4 Be6 12.Qxd5 Nxd5 13.Bd4 b6 14.e4 Nf6 15.Bxf6 gxf6
16.Rxc7 Rfc8 17.Rxc8+ Rxc8 18.Kd2 Bxa2 19.Bd3 a5 20.Rc1 Rxc1 21.Kxc1 h6 22.Kc2 Be6
23.Kc3 Kf8 24.Bc4 Bd7 25.Kd4 Ke7 26.f4 Bc6 27.g3 Bd7 28.Bd5 Be8 29.Bb7 Kd6
30.Bd5 Ke7 31.Bb3 Kd6 32.Bc4 Ke7 33.Kd5 Bd7 34.Bd3 Ba4 35.Be2 Bd7 36.Ba6 Ba4
37.Be2 Kd7 38.Bg4+ Ke7 39.Be2  1/2-1/2

[Event "Open A"]
[Site "Trieste ITA"]
[Date "2006.09.06"]
[Round "6"]
[White "Van der Plas,R"]
[Black "Fantini,M"]
[Result "1-0"]
[WhiteElo "2198"]
[BlackElo "2053"]

1.d4 d5 2.c4 Nc6 3.e3 Nf6 4.Nf3 Bg4 5.Qb3 Bxf3 6.gxf3 e6 7.Qxb7 Na5 8.Qa6 Bb4+
9.Bd2 Bxd2+ 10.Nxd2 c6 11.b4 Nxc4 12.Bxc4 dxc4 13.Qxc6+ Nd7 14.Ne4 O-O 15.Rg1 Nb6
16.Qb5 f6 17.Qh5 Nd5 18.Nc5 Qe7 19.a3 a5 20.b5 Rab8 21.a4 Nb4 22.Ke2 e5 23.Rac1 exd4
24.Rxc4 Rbd8 25.Qg4 f5 26.Qf4 Rd5 27.Nb3 dxe3 28.fxe3 Nd3 29.Qg5 Qe5 30.Rd4 Rxd4
31.Nxd4 Nc5 32.f4 Qc7 33.Rc1 Qb6 34.Qe7 Nxa4 35.Ne6 Qxb5+ 36.Kf3 Qd5+ 37.Kg3  1-0

[Event "I Open"]
[Site "Vitoria BRA"]
[Date "2006.09.07"]
[Round "1"]
[White "Teixeira,W"]
[Black "Bortoloso,M"]
[Result "0-1"]
[WhiteElo "2096"]
[BlackElo "2233"]

1.d4 d5 2.c4 Nc6 3.e3 e5 4.dxe5 d4 5.exd4 Qxd4 6.Qxd4 Nxd4 7.Bd3 Bg4 8.f3 Bh5
9.Ne2 O-O-O 10.Nxd4 Rxd4 11.Be2 Ne7 12.Be3 Rd7 13.O-O Nc6 14.g4 Bg6 15.f4 Bd3
16.Bxd3 Rxd3 17.Kf2 Bb4 18.a3 Be7 19.Nc3 Na5 20.Nd5 Bh4+ 21.Ke2 Rb3 22.Bd4 Nxc4
23.Rac1 b5 24.Rfd1 Rd8 25.Bc3 Nxb2 26.Bxb2 Rxb2+ 27.Kf1 Kb8 28.Nb4 Rf2+ 29.Kg1 Rxd1+
30.Rxd1 Rxf4 31.h3 Rf3 32.Rd3 Bf2+ 33.Kg2 Rxd3 34.Nxd3 Bd4 35.Kf3 a5 36.Ke4 c5
37.Kd5 b4 38.axb4 axb4 39.Nxb4 cxb4 40.Kxd4 Kc7 41.Kc4 Kc6 42.Kxb4 Kd5 43.Kc3 Kxe5
44.Kd3 Kf4 45.Ke2 Kg3 46.Ke3 g5 47.Ke4 Kxh3 48.Kf5 h6  0-1

[Event "ch-EU"]
[Site "Liverpool ENG"]
[Date "2006.09.10"]
[Round "5"]
[White "Taylor,Mart"]
[Black "Hardman,M"]
[Result "1-0"]
[WhiteElo "2332"]
[BlackElo "2151"]

1.d4 d5 2.c4 Nc6 3.Nc3 Nf6 4.Nf3 Bg4 5.cxd5 Bxf3 6.gxf3 Nxd5 7.e4 Nxc3 8.bxc3 e6
9.Rb1 Rb8 10.Qa4 Be7 11.Rxb7 O-O 12.Qxc6 Rxb7 13.Qxb7 c5 14.Bg2 cxd4 15.cxd4 Bh4
16.O-O Qxd4 17.Be3 Qf6 18.Qxa7 Qg6 19.f4 f5 20.e5 h5 21.Kh1 Qe8 22.a4 g5
23.a5 gxf4 24.Bxf4 Rf7 25.Qb6 Bd8 26.Qb8 Kh7 27.Bg5  1-0

[Event "3rd LGA Premium Cup"]
[Site "Nuernberg GER"]
[Date "2006.09.10"]
[Round "7"]
[White "Graf,A"]
[Black "Zaragatski,I"]
[Result "1-0"]
[WhiteElo "2583"]
[BlackElo "2436"]

1.d4 d5 2.c4 Nc6 3.Nc3 Nf6 4.e3 dxc4 5.Bxc4 e5 6.d5 Ne7 7.Nge2 a6 8.Ng3 Ng6
9.O-O Bc5 10.a3 O-O 11.b4 Ba7 12.Bb2 Ne8 13.Nce4 f5 14.Nc5 Nd6 15.Bb3 Kh8
16.f4 Qe7 17.Kh1 b6 18.Nd3 exf4 19.exf4 Ne4 20.Nh5 Nf6 21.Ne5 Bb7 22.Re1 Qd8
23.Rc1 b5 24.Nc6 Bxc6 25.Nxf6 gxf6 26.Rxc6 Nxf4 27.Qf3  1-0

[Event "5th Open"]
[Site "Izmir TUR"]
[Date "2006.09.18"]
[Round "9"]
[White "Arduman,C"]
[Black "Karpatchev,A"]
[Result "1-0"]
[WhiteElo "2316"]
[BlackElo "2533"]

1.d4 d5 2.c4 Nc6 3.Nc3 dxc4 4.d5 Ne5 5.f4 Nd7 6.e4 Nb6 7.a4 a5 8.Be3 e6 9.Bxb6 cxb6
10.Bxc4 Bb4 11.dxe6 Bxe6 12.Bxe6 Qxd1+ 13.Rxd1 fxe6 14.Ne2 Nf6 15.Kf2 Ke7
16.Kf3 Rac8 17.Rd3 Rhd8 18.Rhd1 Rxd3+ 19.Rxd3 Nd7 20.Rd4 Rf8 21.Kg4 Rc8 22.e5 Nb8
23.h4 Rc5 24.h5 Nc6 25.Re4 h6 26.Kf3 Bxc3 27.Nxc3 Na7 28.Rd4 b5 29.Rd6 Nc8
30.Rd3 bxa4 31.Nxa4 Rc4 32.b3 Rc1 33.Rc3 Rxc3+ 34.Nxc3 Kd7 35.Ke4 Ne7 36.g4 Nc6
37.Nb5 Nb4 38.f5 Ke7 39.Nd6 b6 40.Nc8+ Kf7 41.Nxb6 Na2 42.Na4 Ke7 43.Nc5 exf5+
44.Kxf5 Nb4 45.Ke4 Nc6 46.Nd3 Ke6 47.Nf4+ Kd7 48.Nd5 Ke6 49.Nc7+ Kd7 50.Nb5 Nb4
51.Nd4 Ke7 52.Kf5 Kf7 53.e6+ Kf8 54.Ke5 Nd3+ 55.Kd5  1-0

[Event "14th Bora Kostic Mem"]
[Site "Vrsac SCG"]
[Date "2006.09.18"]
[Round "6"]
[White "Damljanovic,B"]
[Black "Miladinovic,I"]
[Result "1-0"]
[WhiteElo "2625"]
[BlackElo "2584"]

1.d4 d5 2.c4 Nc6 3.Nc3 Nf6 4.cxd5 Nxd5 5.Nf3 Bf5 6.Bg5 h6 7.Bh4 g5 8.Bg3 e6
9.e3 Bb4 10.Qc1 h5 11.h4 g4 12.Nd2 Bg6 13.Bb5 O-O 14.a3 Bd6 15.Nxd5 Bxg3
16.Bxc6 bxc6 17.Nb4 Bd6 18.Nxc6 Qf6 19.Qc3 Rfe8 20.f4 gxf3 21.gxf3 Qf5 22.O-O-O a5
23.Rdg1 e5 24.d5 Kh7 25.Rg5 Bb4 26.Rxf5 Bxc3 27.Rg5 Bxd2+ 28.Kxd2 e4 29.f4 f6
30.Rg2 Bf7 31.Rhg1 Rg8 32.Rxg8 Bxg8 33.Ne7 Bxd5 34.Rc1 c6 35.Nxd5 cxd5 36.Rc5 Rb8
37.Rxd5 a4 38.Kc3 Kg6 39.f5+ Kh6 40.Rd4 Rb3+ 41.Kc2 Rxe3 42.Rxa4 Re2+ 43.Kc1 e3
44.Re4 Rh2 45.b4 Rh1+ 46.Kc2 e2 47.Rxe2 Rxh4 48.b5 Rh3 49.b6  1-0

[Event "EU-chB16"]
[Site "Herceg Novi MNE"]
[Date "2006.09.19"]
[Round "9"]
[White "Golichenko,I"]
[Black "Martinovic,Sa"]
[Result "1/2-1/2"]
[WhiteElo "2289"]
[BlackElo "2367"]

1.d4 d5 2.c4 Nc6 3.cxd5 Qxd5 4.e3 e5 5.Nc3 Bb4 6.Bd2 Bxc3 7.bxc3 Nf6 8.f3 O-O
9.Bd3 exd4 10.cxd4 Nxd4 11.exd4 Qxd4 12.Bc2 Re8+ 13.Ne2 Ng4 14.Bg5 Qf2+ 15.Kd2 Rd8+
16.Bxd8 Qe3+ 17.Ke1 Qf2+  1/2-1/2

[Event "X Itau Cup"]
[Site "Sao Paulo BRA"]
[Date "2006.09.23"]
[Round "1"]
[White "Santos,MVM"]
[Black "Aladic,R"]
[Result "1-0"]
[WhiteElo "2416"]
[BlackElo "2100"]

1.d4 d5 2.c4 Nc6 3.cxd5 Qxd5 4.e3 e5 5.Nc3 Bb4 6.Bd2 Bxc3 7.Bxc3 exd4 8.Ne2 Bg4
9.f3 O-O-O 10.Nxd4 Nf6 11.Qb3 Nxd4 12.Bxd4 Be6 13.Qxd5 Bxd5 14.Be2 Kb8 15.Kf2 Rhe8
16.Rhd1 b6 17.g4 h6 18.h4 Be6 19.Bb5 Rg8 20.b4 Nd5 21.a3 f6 22.h5 f5 23.gxf5 Bf7
24.Bc4 Rdf8 25.Rg1 Nf6 26.Bxf7 Rxf7 27.Bxf6 Rxf6 28.e4  1-0

[Event "Tatry Open"]
[Site "Tatranske Zruby SVK"]
[Date "2006.09.25"]
[Round "3"]
[White "Taborska,V"]
[Black "Chovanec,M"]
[Result "1/2-1/2"]
[WhiteElo "2033"]
[BlackElo "2184"]

1.d4 d5 2.c4 Nc6 3.Bf4 Nf6 4.Nc3 e6 5.e3 Be7 6.Bd3 Nb4 7.Be2 dxc4 8.Bxc4 Nbd5
9.Nge2 O-O 10.O-O b6 11.Bg5 Bb7 12.Nxd5 exd5 13.Bd3 Ne4 14.Bxe7 Qxe7 15.Nf4 Rfd8
16.Rc1 c5 17.Qg4 c4 18.Bxe4 Qxe4 19.Rfe1 b5 20.Qg5 Rd7 21.Nh5 Qg6 22.Qxg6 hxg6
23.Ng3 Rc8 24.b4 a5 25.a3 Ra8 26.Ne2 Bc6 27.Rb1 axb4 28.axb4 Ra3 29.Rec1 Rda7
30.Nc3 Kf8 31.g3 Ke7 32.Kg2 Kd6 33.Kf3 Bd7 34.g4 g5 35.h3 Ra8 36.Kg3 g6 37.Kg2 f5
38.Kg3 Bc6 39.Kg2 Rf8 40.Ra1 Rb3 41.Rab1 Rxb1 42.Rxb1 Ra8 43.Rb2 Ra3 44.Na2 f4
45.Kf3 Bd7 46.Ke2 Ra8 47.Nc3 fxe3 48.fxe3 Ra3  1/2-1/2

[Event "Tatry Open"]
[Site "Tatranske Zruby SVK"]
[Date "2006.09.25"]
[Round "4"]
[White "Nagy,Ed"]
[Black "Janousek,P"]
[Result "0-1"]
[WhiteElo "1956"]
[BlackElo "2191"]

1.d4 d5 2.c4 Nc6 3.Nf3 Bg4 4.e3 e5 5.cxd5 Qxd5 6.Nc3 Bb4 7.Be2 exd4 8.exd4 Bxf3
9.Bxf3 Qc4 10.Bd2 Nge7 11.Bxc6+ Nxc6 12.d5 O-O-O 13.Rc1 Rhe8+ 14.Be3 Rxd5
15.Qe2 Qxe2+ 16.Kxe2 Nd4+ 17.Kf1 Bxc3 18.Rxc3 b6 19.g3 Kb7 20.Kg2 c5 21.Rd1 Red8
22.Rcd3 Kc6 23.b4 Nb5 24.Rxd5 Rxd5 25.Rc1 Nd4 26.bxc5 bxc5 27.a4 a6 28.f4 Nf5
29.Bg1 Nd6 30.Kf3 f5 31.g4 fxg4+ 32.Kxg4 c4 33.Rb1 Ra5 34.Rb4 c3 35.Kf3 c2
36.Be3 Rc5 37.Bc1 Rc4 38.Rb2 Rxa4 39.Rxc2+ Rc4 40.Rxc4+ Nxc4 41.Ke4 g6 42.h4 a5
43.Kd4 Kb5 44.Kd5 a4 45.Ke6 Kb4 46.f5 gxf5 47.Kxf5 Kb3 48.Kg5 Nb2 49.Kh6 a3
50.Kxh7 a2 51.h5 a1=Q 52.Bg5 Qa7+ 53.Kg6 Nd3 54.h6 Ne5+  0-1

[Event "X Itau Cup"]
[Site "Sao Paulo BRA"]
[Date "2006.09.26"]
[Round "5"]
[White "Milos,G"]
[Black "Diamant,A"]
[Result "1-0"]
[WhiteElo "2563"]
[BlackElo "2306"]

1.d4 d5 2.c4 Nc6 3.cxd5 Qxd5 4.e3 e5 5.Nc3 Bb4 6.Bd2 Bxc3 7.bxc3 Nf6 8.f3 exd4
9.cxd4 O-O 10.Bd3 Bf5 11.Bxf5 Qxf5 12.Ne2 Rfe8 13.O-O Qd7 14.Rc1 Ne7 15.e4 c6
16.Bg5 Qe6 17.Nf4 Qxa2 18.Ra1 Qc4 19.Bxf6 gxf6 20.Qd2 Red8 21.Rfd1 c5 22.d5 Qd4+
23.Qxd4 cxd4 24.Rxd4 a5 25.Rc4 Rd7 26.Nh5 Rd6 27.Rc7 Kf8 28.Rxb7 f5 29.Rc1 fxe4
30.Rcc7 Re8 31.fxe4 Rh6 32.g4 a4 33.Ra7 Nc8 34.Rxf7+ Kg8 35.Rac7 Nd6 36.Nf6+  1-0

[Event "Open"]
[Site "Winterthur SUI"]
[Date "2006.10.08"]
[Round "3"]
[White "Seiler,M"]
[Black "Karrer,D"]
[Result "0-1"]
[WhiteElo "1763"]
[BlackElo "2006"]

1.d4 d5 2.c4 Nc6 3.Nc3 dxc4 4.d5 Ne5 5.f4 Ng4 6.e4 e5 7.Be2 h5 8.Qa4+ Bd7
9.Qxc4 N8h6 10.Nf3 exf4 11.Bxf4 Qf6 12.e5 Qb6 13.Nd1 Bb4+ 14.Nd2 Nf5 15.Qe4 O-O-O
16.Rc1 Nd4 17.e6 Bxd2+ 18.Kxd2 Nxe6 19.dxe6 Bc6+ 20.Ke1 Bxe4 21.Bxc7 Qxc7
22.Rxc7+ Kxc7  0-1